What role for the railways in eastern Europe? report of the hundred and twentieth round table on transport economics held in Cambridge (United Kingdom) on 12th-13th september 2001 on the following topic

Salvato in:
Dettagli Bibliografici
Ente Autore: European Conference of Ministers of Transport. Economic Research Centre
Natura: Libro
Lingua:inglese
Pubblicazione: Paris OECD 2002
Soggetti:
Tags: Aggiungi Tag
Nessun Tag, puoi essere il primo ad aggiungerne!!

MARC

LEADER 00000nam a2200000 4500
001 c132922
005 20221124093333.1
020 |a 92-821-1371-X 
041 0 |a eng 
044 |a FR 
245 1 0 |a What role for the railways in eastern Europe?  |b report of the hundred and twentieth round table on transport economics held in Cambridge (United Kingdom) on 12th-13th september 2001 on the following topic 
264 1 |a Paris  |b OECD  |c 2002 
300 |a 146 s. 
610 2 0 |a železnice 
610 2 0 |a hospodárstvo dopravné 
610 2 0 |a politika dopravná 
610 2 0 |a porovnanie medzinárodné 
610 2 0 |a východná Európa 
710 2 |a European Conference of Ministers of Transport. Economic Research Centre